| 000 | 00954cam a2200277 a 4500 | ||
|---|---|---|---|
| 001 | 1150271 | ||
| 005 | 20140625123548.0 | ||
| 008 | 950413s1995 ne a frb 001 0 eng d | ||
| 010 | _a95140925 | ||
| 020 | _a044481633X | ||
| 020 | _a9780444816337 | ||
| 040 |
_aDLC _cDLC _dDLC _dEG-ScBUE |
||
| 082 | 0 | 4 |
_a660.2842 _222 _bMEM |
| 245 | 0 | 0 |
_aMembrane separations technology : _bprinciples and applications / _cedited by Richard D. Noble and S. Alexander Stern. |
| 260 |
_a[Amsterdam] : _bElsevier, _c1995. |
||
| 300 |
_axx, 718 p. : _bill. ; _c25 cm. |
||
| 490 | 0 |
_aMembrane science and technology series ; _v2 |
|
| 500 | _aIndex : p. 713-718. | ||
| 504 | _aBibliography : p. 709-712. | ||
| 650 | 0 |
_aMembrane separation. _935981 |
|
| 653 |
_bENGCHE _cJune2014 |
||
| 655 |
_vreading book _934232 |
||
| 700 | 1 |
_aNoble, R. D. _q(Richard D.), _d1946- _935982 _eeditor. |
|
| 700 | 1 |
_aStern, S. Alexander, _d1921- _935983 _eeditor. |
|
| 942 |
_2ddc _k660.2842 MEM |
||
| 999 |
_c18281 _d18253 |
||